第三共和未来中国的选择

Na minha lista:
Detalhes bibliográficos
Autor principal: Yan Jia Qi (严家其)
Formato: Livro
Publicado em: Global Publishing Co 1992
Tags: Adicionar Tag
Sem tags, seja o primeiro a adicionar uma tag!
Thư viện lưu trữ: Mạng thư viện Đại học Đà Nẵng
LEADER 00554nam a2200229 a 4500
001 000029166
003 24362
005 20171030145630.0
008 171030s1992
040 |a LTT 
082 0 |a 320.1  |b YA-Q 
100 1 |a Yan Jia Qi (严家其) 
245 0 0 |a 第三共和未来中国的选择  |c 严家其. 
260 |b Global Publishing Co  |c 1992 
500 |a VSVN 
OWN |a LTT 
999 |a From the UDN01 
TYP |a Monograph 
TYP |a Printed language 
980 |a Mạng thư viện Đại học Đà Nẵng